[Event "Challenge"]
[Site "http://www.queenalice.com/game.php?id=222328"]
[Date "2007.6.8"]
[Round "-"]
[White "Mike36bh"]
[Black "markp"]
[Result "0-1"]
[WhiteElo "1749"]
[BlackElo "1735"]

1. d4 d5 2. Nc3 Nf6 3. Bf4 b6 4. e3 Nc6 5. Nf3 Bg4 6. h3 Bxf3 7. Qxf3 e6 8. Bb5
Qd7 9. a3 Bd6 10. Bxd6 Qxd6 11. O-O O-O 12. Rad1 a6 13. Be2 e5 14. dxe5 Qxe5 15.
Nxd5 Rad8 16. c4 Ne7 17. Nxe7+ Qxe7 18. Bd3 g6 19. e4 c5 20. Rfe1 Rfe8 21. Qf4
Nh5 22. Qg4 Qe5 23. Rf1 Qxb2 24. f4 Qb3 25. Be2 Qe3+ 26. Kh2 Qxe4 27. Bf3 Qxf4+
28. g3 Qxg4 29. hxg4 Nf6 30. g5 Rxd1 31. Rxd1 Re3 32. Bc6 Nh5 33. Rg1 Rxa3 34.
Bd5 Ra2+ 35. Kh3 Rf2 36. Re1 b5 37. cxb5 axb5 38. Bc6 b4 39. g4 Nf4+ 40. Kg3 Nd3
41. Rd1 c4 42. Bb5 Rc2 43. Kf3 b3 44. Ke3 b2 45. Rb1 Rc1 46. Bxc4 Rxb1 47. Bxd3
Rg1 48. Kd2 b1=Q 49. Bxb1 Rxb1 0-1

[Event "Challenge"]
[Site "http://www.queenalice.com/game.php?id=222497"]
[Date "2007.6.8"]
[Round "-"]
[White "markp"]
[Black "juim"]
[Result "1-0"]
[WhiteElo "1719"]
[BlackElo "1753"]

1. e4 Nf6 2. e5 Nd5 3. d4 e6 4. Bc4 Nb6 5. Nf3 Nxc4 6. b3 Nb6 7. c4 Be7 8. O-O
O-O 9. Nc3 d6 10. exd6 cxd6 11. Ne4 d5 12. Neg5 h6 13. Nh3 dxc4 14. Ne5 c3 15.
Nf4 Qc7 16. Nh5 c2 17. Qg4 g5 18. h4 f6 19. hxg5 hxg5 20. f4 fxe5 21. fxg5 Rxf1+
22. Kxf1 Qc3 23. Nf6+ Bxf6 24. gxf6+ Kf8 25. Qg7+ Ke8 26. f7+ Kd7 27. f8+=Q+ Kc6
28. Qe8+ N8d7 29. Qxe6+ Kc7 30. Qexe5+ Kc6 31. Qg6+ Nf6 32. Qgxf6+ Kd7 33. Qfd6#
1-0

[Event "Challenge"]
[Site "http://www.queenalice.com/game.php?id=222498"]
[Date "2007.6.8"]
[Round "-"]
[White "juim"]
[Black "markp"]
[Result "0-1"]
[WhiteElo "1726"]
[BlackElo "1736"]

1. d4 d5 2. Be3 Bf5 3. Nf3 Qd6 4. Nc3 Nc6 5. g3 h6 6. Bg2 Nf6 7. Nh4 Bg4 8. O-O
g5 9. Nf3 Bxf3 10. Bxf3 g4 11. Bf4 Qd7 12. Nb5 Rc8 13. Bg2 a6 14. Nc3 h5 15. Bg5
Qf5 16. Bf4 h4 17. Qd3 Qh5 18. gxh4 Qxh4 19. Bg3 Qh6 20. e4 Nh5 21. Bh4 Nf4 22.
Qg3 Nxg2 23. Kxg2 Qxh4 24. exd5 Nxd4 25. Rae1 Qxg3+ 26. fxg3 Nxc2 27. Re4 Bg7
28. Rxg4 Ne3+ 29. Kf3 Nxf1 30. Rxg7 Rxh2 31. Ne4 Nd2+ 32. Ke3 Rd8 33. Ng5 Rxd5
34. Rg8+ Kd7 35. Nxf7 Rh3 36. Kf4 Nc4 37. Kg4 Rh2 38. b3 Ne5+ 39. Nxe5+ Rxe5 40.
Kf4 Ree2 41. g4 Rxa2 42. g5 Rab2 43. g6 Rxb3 44. g7 Rg2 45. Ke4 a5 46. Rh8 Rxg7
47. Rh1 Rg4+ 48. Kf5 Rbb4 49. Rd1+ Rgd4 50. Ra1 Rd5+ 51. Kg6 Rb6+ 52. Kf7 Rf6+
53. Kg7 Rg5+ 54. Kh7 b6 55. Rd1+ Kc8 56. Re1 Rf2 57. Kh6 Rg3 58. Rh1 a4 59. Kh5
a3 60. Kh4 Rg8 61. Rh3 Rfg2 62. Rxa3 Rh8# 0-1

[Event "Let's Play Chess!"]
[Site "http://www.queenalice.com/game.php?id=223147"]
[Date "2007.6.10"]
[Round "-"]
[White "spawnwolfwolverine"]
[Black "markp"]
[Result "0-1"]
[WhiteElo "1603"]
[BlackElo "1752"]

1. e4 e5 2. d3 d5 3. exd5 Qxd5 4. Nc3 Qa5 5. Bd2 Nf6 6. Ne4 Qb6 7. Nxf6+ Qxf6 8.
Qf3 Be6 9. O-O-O Bxa2 10. Qxb7 Qc6 11. Qc8+ Ke7 12. Bb4+ Kf6 13. Bxf8 Nd7 14.
Bxg7+ Kxg7 15. Qxh8+ Rxh8 16. Nf3 Rb8 17. Be2 Nc5 18. c4 Nb3+ 19. Kc2 Qa4 20.
Kc3 Qb4+ 21. Kc2 Nd4+ 22. Nxd4 Qxb2# 0-1

[Event "Let's Play Chess!"]
[Site "http://www.queenalice.com/game.php?id=223148"]
[Date "2007.6.10"]
[Round "-"]
[White "markp"]
[Black "spawnwolfwolverine"]
[Result "0-1"]
[WhiteElo "1762"]
[BlackElo "1594"]

1. e4 e5 2. Nf3 d6 3. g3 Bg4 4. h3 Bxf3 5. Qxf3 Nf6 6. Nc3 Be7 7. Bc4 O-O 8. Nd5
Nxd5 9. Bxd5 c6 10. Bb3 Nd7 11. d3 a6 12. Be3 b5 13. d4 exd4 14. Bxd4 Bf6 15.
Bxf6 Qxf6 16. Qxf6 Nxf6 17. O-O Nxe4 18. Rad1 d5 19. c3 Nc5 20. Bc2 a5 21. Rfe1
b4 22. cxb4 axb4 23. Bf5 Rxa2 24. Rc1 Ne6 25. Bxe6 fxe6 26. Rxc6 Rxb2 27. f4 Rb8
28. Rcxe6 Rc2 29. Rd1 b3 30. Rb1 b2 31. Ree1 d4 32. Red1 Rd8 33. Rd3 Rc1+ 34.
Rd1 Rxb1 35. Rxb1 Rb8 36. Kf2 d3 37. Ke3 Rb3 38. g4 Kf7 39. h4 Ke6 40. h5 Kd5
41. g5 Kc4 42. g6 h6 43. Kd2 Kd4 44. f5 Ke5 45. f6 Kxf6 46. Kd1 Kg5 47. Kd2 Kxh5
48. Ke1 Kxg6 49. Kf2 Kf5 50. Kf3 g5 0-1

[Event "Let's Play Chess!"]
[Site "http://www.queenalice.com/game.php?id=223178"]
[Date "2007.6.10"]
[Round "-"]
[White "dtrainey"]
[Black "markp"]
[Result "0-1"]
[WhiteElo "1504"]
[BlackElo "1751"]

1. c4 e5 2. e4 Nf6 3. Nc3 Bc5 4. Nf3 Ng4 5. d4 exd4 6. Nxd4 Nc6 7. Qxg4 Bxd4 8.
Be3 Qf6 9. Nd5 Qe5 10. Rb1 Bxe3 11. Qg3 Qxe4 12. Nc3 Bf4+ 13. Be2 Qxb1+ 14. Nxb1
Bxg3 15. hxg3 O-O 16. O-O Ne5 17. Nc3 c6 18. f4 Ng6 19. f5 Ne5 20. g4 f6 21. b4
b6 22. c5 b5 23. a4 bxa4 24. Nxa4 Re8 25. b5 cxb5 26. Bxb5 Nxg4 27. c6 d6 28. c7
Re4 29. Bc6 Rxa4 30. Re1 Rc4 31. Bxa8 Rxc7 32. Bd5+ Kf8 33. g3 Bxf5 34. Ra1 Ne3
35. Ra6 Nxd5 36. Rxd6 Rc5 37. Kf2 a5 38. Rd8+ Kf7 39. Rh8 a4 40. Ra8 Nc3 41. Kf3
Bd7 42. Ra7 Ke7 43. Ke3 Nb5 44. Ra6 a3 45. g4 Bxg4 46. Kf4 Be6 47. Ke4 Rc1 48.
Ra5 a2 49. Kd3 a1=Q 50. Rxa1 Rxa1 51. Ke4 Ra4+ 52. Kd3 Kd6 53. Ke3 Ke5 54. Kd3
Re4 55. Kc2 Re3 56. Kd2 Kd4 57. Kc1 Re2 58. Kd1 Kd3 59. Kc1 Rh2 60. Kd1 Rh1# 0-1

[Event "Let's Play Chess!"]
[Site "http://www.queenalice.com/game.php?id=223179"]
[Date "2007.6.10"]
[Round "-"]
[White "markp"]
[Black "dtrainey"]
[Result "1/2-1/2"]
[WhiteElo "1757"]
[BlackElo "1498"]

1. e4 e5 2. Nf3 f6 3. d4 d5 4. dxe5 fxe5 5. Nxe5 Qd6 6. Bf4 dxe4 7. Ng6 Qxg6 8.
Bxc7 Nd7 9. Nc3 Bb4 10. a3 Bxc3+ 11. bxc3 Qc6 12. Ba5 b6 13. Bb4 Ngf6 14. Qd4 a5
15. Qd6 Qxd6 16. Bxd6 Ng4 17. Bb5 a4 18. O-O Ra5 19. Bxd7+ Bxd7 20. Rfe1 Nf6 21.
Bc7 Rb5 22. f3 Bc6 23. Rad1 O-O 24. Rd8 Rxd8 25. Bxd8 exf3 26. g3 Ne4 27. Kf1
Nxc3 28. h4 Rb1 29. Rxb1 Nxb1 30. Be7 Nxa3 31. Bxa3 h5 32. Be7 Kf7 33. Bd8 Ke6
34. Bxb6 Kf5 35. Bc5 Kg4 36. Kf2 Kf5 37. Ke3 g5 38. hxg5 Kxg5 39. Kf2 Kg4 40.
Bd6 h4 41. gxh4 Kxh4 42. Bc5 Kg4 43. Bd6 Kf5 44. Ke3 Kg4 45. Kf2 Kf5 46. Ke3 Be4
47. Kf2 Ke6 48. Ba3 Kd5 49. Bb4 Kc4 50. c3 Bd5 51. Ke3 a3 52. Bxa3 Kxc3 53. Bc5
Kc2 54. Kf2 1/2-1/2

[Event "Revived"]
[Site "http://www.queenalice.com/game.php?id=224875"]
[Date "2007.6.14"]
[Round "-"]
[White "jamesc"]
[Black "markp"]
[Result "1-0"]
[WhiteElo "1639"]
[BlackElo "1739"]

1. e4 e5 2. Nf3 Nf6 3. Nxe5 Nxe4 4. Qe2 d5 5. d3 f6 6. Nf3 f5 7. dxe4 fxe4 8.
Nd4 Nc6 9. Nxc6 bxc6 10. Qh5+ g6 11. Qe5+ 1-0

[Event "QA-ANNIV-03"]
[Site "http://www.queenalice.com/game.php?id=225787"]
[Date "2007.6.15"]
[Round "1"]
[White "markp"]
[Black "Diego_Silveira"]
[Result "1/2-1/2"]
[WhiteElo "1740"]
[BlackElo "2006"]

1. d4 d5 2. Nc3 Nf6 3. Nf3 Nc6 4. Bf4 Nh5 5. e3 Nxf4 6. exf4 Bg4 7. Be2 e6 8. h3
Bh5 9. g4 Bg6 10. Ne5 Nxe5 11. fxe5 Be7 12. Bd3 O-O 13. Bxg6 hxg6 14. Qf3 c5 15.
dxc5 Bxc5 16. O-O-O Qg5+ 17. Kb1 Qxe5 18. Rhe1 Qf6 19. Qxf6 gxf6 20. f4 Rac8 21.
f5 Rfe8 22. a3 Bxa3 23. Rd3 Bb4 24. fxg6 fxg6 25. Rf1 Bxc3 26. bxc3 Kg7 27. Re1
Kf7 28. h4 Rc4 29. Rg1 Rec8 30. Kb2 d4 31. cxd4 Rxc2+ 32. Kb3 Rc1 33. Rxc1 Rxc1
34. d5 exd5 35. Rxd5 Ke6 36. Rd8 Rg1 37. Ra8 Rxg4 38. Rxa7 Rxh4 39. Rxb7 g5 40.
Kc2 Rd4 41. Kc3 Rd6 42. Kc4 Kf5 43. Rb5+ Kg4 44. Rb4 f5 45. Kc5+ f4 46. Kxd6 Kg3
47. Ke5 f3 48. Kf5 f2 49. Rb1 g4 50. Rf1 Kg2 51. Rxf2+ Kxf2 52. Kxg4 1/2-1/2

[Event "Challenge"]
[Site "http://www.queenalice.com/game.php?id=226801"]
[Date "2007.6.17"]
[Round "-"]
[White "markp"]
[Black "jamesc"]
[Result "1-0"]
[WhiteElo "1737"]
[BlackElo "1716"]

1. e4 e5 2. Nf3 Nc6 3. Nc3 Bc5 4. a3 Nf6 5. b4 Bb6 6. h3 d6 7. Bc4 h6 8. b5 Nd4
9. a4 Ba5 10. Bb2 Nxf3+ 11. Qxf3 c6 12. O-O Bd7 13. bxc6 Bxc6 14. Nd5 Nxd5 15.
exd5 Bd7 16. d4 f6 17. Qh5+ Kf8 18. dxe5 Bb4 19. exf6 gxf6 20. Qf3 Rh7 21. Bxf6
Qe8 22. c3 Bc5 23. Rae1 Qf7 24. Re7 Qxe7 25. Bxe7+ Kxe7 26. Qe4+ Kd8 27. Qxh7
Kc7 28. Bb5 Rd8 29. Qxh6 a6 30. Bxd7 Rxd7 31. Re1 Rf7 32. Re2 Kb6 33. Qe6 Rf8
34. Qe7 Rf4 35. Rb2+ 1-0

[Event "Challenge"]
[Site "http://www.queenalice.com/game.php?id=227929"]
[Date "2007.6.20"]
[Round "-"]
[White "juim"]
[Black "markp"]
[Result "0-1"]
[WhiteElo "1726"]
[BlackElo "1752"]

1. e4 e5 2. Qh5 Bc5 3. Qxe5+ Qe7 4. Qxe7+ Bxe7 5. Nf3 Nf6 6. d3 Nc6 7. Bf4 d6 8.
d4 Nxe4 9. Bd3 f5 10. O-O Nb4 11. Bxe4 fxe4 12. Nbd2 exf3 13. Nxf3 Nxc2 14. Rac1
Nb4 15. Rxc7 Nd5 16. Rc2 Nxf4 17. Re1 Be6 18. g3 Bf5 19. Rc7 Nd5 20. Rxb7 Rf8
21. Ng5 Kd8 22. Rb5 Bxg5 23. Rxd5 Kd7 24. g4 Bd2 25. Re2 Be6 26. Rb5 Rab8 27.
Rxb8 Rxb8 28. Rxd2 Bxa2 29. b4 Bd5 30. Rd3 Rxb4 31. f3 a5 32. Kf2 a4 33. f4 Rb3
34. Rd1 a3 35. Ra1 Rb2+ 36. Ke3 a2 37. Kd3 Rb1 38. Rxa2 Bxa2 39. Kc2 Rh1 40. g5
Rxh2+ 41. Kc3 Rf2 42. g6 hxg6 43. Kd3 Rxf4 44. Ke3 Rh4 45. Kd3 g5 46. Ke3 d5 47.
Kd3 Rh3+ 48. Kc2 Bc4 49. Kd2 g4 50. Ke1 g3 51. Kd2 g2 52. Ke1 g1=Q+ 53. Kd2 Qg2+
54. Ke1 Rh1# 0-1

[Event "Let's Play Chess!"]
[Site "http://www.queenalice.com/game.php?id=228570"]
[Date "2007.6.21"]
[Round "-"]
[White "mbake5"]
[Black "markp"]
[Result "1-0"]
[WhiteElo "1768"]
[BlackElo "1752"]

1. e4 e5 2. Nf3 Nc6 3. Bb5 a6 4. Bxc6 bxc6 5. O-O Nf6 6. Nxe5 Nxe4 7. Re1 d5 8.
d3 Bd6 9. dxe4 Bxe5 10. exd5 Qf6 11. Qd4 O-O 12. Rxe5 cxd5 13. Nd2 Bb7 14. Nb3
Rfe8 15. Bf4 Qg6 16. Rg5 Re4 17. Rxg6 Rxd4 18. Nxd4 hxg6 19. Bxc7 Rc8 20. Bg3
Rc4 21. c3 Rc8 22. Re1 f6 23. Re7 g5 24. Rxb7 1-0

[Event "Let's Play Chess!"]
[Site "http://www.queenalice.com/game.php?id=228579"]
[Date "2007.6.21"]
[Round "-"]
[White "markp"]
[Black "mbake5"]
[Result "0-1"]
[WhiteElo "1752"]
[BlackElo "1855"]

1. e4 c5 2. c4 Nc6 3. Nf3 Nf6 4. g3 Nxe4 5. Bd3 Nf6 6. Nc3 g6 7. Ng5 Bg7 8. b3
O-O 9. O-O d5 10. h3 h6 11. Nf3 Bxh3 12. Re1 Nb4 13. Bf1 Bxf1 14. Rxf1 dxc4 15.
bxc4 Ng4 16. Ng5 Qd4 17. Qe2 hxg5 18. Rb1 b6 19. Qe4 Rad8 20. Qxd4 Rxd4 21. Ba3
Rxd2 22. Bxb4 cxb4 23. Ne4 Rxa2 24. Rxb4 Bd4 25. Rb3 f5 26. Nc3 Bxf2+ 27. Rxf2
Rxf2 28. Nd5 e6 29. Ne3 Rf3 0-1

[Event "AUTO-INT-415"]
[Site "http://www.queenalice.com/game.php?id=229215"]
[Date "2007.6.22"]
[Round "2"]
[White "markp"]
[Black "Dollar"]
[Result "0-1"]
[WhiteElo "1701"]
[BlackElo "1850"]

1. e4 e5 2. Nf3 Nc6 3. Nc3 Nf6 4. Bc4 Bb4 5. a3 Bxc3 6. dxc3 Nxe4 7. Bd5 Nd6 8.
Bxc6 dxc6 9. Nxe5 O-O 10. Bf4 Qh4 11. g3 Qh3 12. Qd2 Qg2 13. O-O-O Ne4 14. Qd4
Bf5 15. Be3 c5 16. Qd5 c6 17. Nxc6 Be6 18. Ne7+ Kh8 19. Qh5 Nf6 20. Qxc5 Qf3 21.
Rhe1 b6 22. Qe5 Rfe8 23. Nc6 Bd5 24. Qf4 Bxc6 25. Qxf3 Bxf3 26. Rd4 Ng4 0-1

[Event "AUTO-INT-415"]
[Site "http://www.queenalice.com/game.php?id=229216"]
[Date "2007.6.22"]
[Round "2"]
[White "Dollar"]
[Black "markp"]
[Result "1-0"]
[WhiteElo "1797"]
[BlackElo "1712"]

1. c4 e5 2. g3 c6 3. Bg2 Nf6 4. Nc3 Bc5 5. Ne4 Nxe4 6. Bxe4 Na6 7. a3 d5 8. cxd5
cxd5 9. Bd3 e4 10. Bb5+ Bd7 11. Bxd7+ Qxd7 12. e3 d4 13. b4 Bb6 14. Bb2 O-O 15.
Ne2 dxe3 16. fxe3 Bc7 17. O-O Rad8 18. Nd4 Rfe8 19. Qb3 Re5 20. Qc3 Rg5 21. Rf5
f6 22. Rxg5 fxg5 23. Ne6 Re8 24. Nxg5 Re7 25. Rf1 Qd5 26. Nh3 1-0

[Event "AUTO-INT-415"]
[Site "http://www.queenalice.com/game.php?id=229217"]
[Date "2007.6.22"]
[Round "2"]
[White "markp"]
[Black "SmartPatzer"]
[Result "0-1"]
[WhiteElo "1752"]
[BlackElo "1845"]

1. e4 e6 2. e5 d5 3. d4 c5 4. Nf3 Qb6 5. b3 cxd4 6. Qxd4 Bc5 7. Qf4 Bxf2+ 8. Kd1
Ne7 9. Bb2 Ng6 10. Ng5 Nxf4 11. Nc3 Qd4+ 12. Kc1 Be3+ 13. Kb1 O-O 14. a4 Nc6 15.
Nf3 Qb6 16. g3 Ng6 17. Ba3 Bc5 18. Bd3 Ngxe5 19. Nxe5 Nxe5 20. Bxc5 Qxc5 21. Kb2
Nxd3+ 22. Ka2 Qxc3 23. cxd3 Qxd3 0-1

[Event "AUTO-INT-415"]
[Site "http://www.queenalice.com/game.php?id=229218"]
[Date "2007.6.22"]
[Round "2"]
[White "SmartPatzer"]
[Black "markp"]
[Result "1-0"]
[WhiteElo "1901"]
[BlackElo "1726"]

1. e4 e5 2. Nc3 Nc6 3. g3 Nf6 4. Bg2 Bc5 5. d3 d6 6. Na4 Bg4 7. f3 Bd7 8. Nxc5
dxc5 9. Ne2 h6 10. c3 a5 11. O-O b5 12. f4 g6 13. Be3 Qe7 14. Qd2 b4 15. h3 a4
16. fxe5 Nxe5 17. Bxh6 bxc3 18. bxc3 Qd6 19. Bg7 Nc4 20. Rxf6 Nxd2 21. Rxd6 Rh7
22. Rxd7 Kxd7 23. Be5 Rh5 24. Bf4 c4 25. d4 Nxe4 26. Bxe4 Rxh3 27. Bxa8 1-0

[Event "Challenge"]
[Site "http://www.queenalice.com/game.php?id=229686"]
[Date "2007.6.23"]
[Round "-"]
[White "markp"]
[Black "pawn_buzzard"]
[Result "0-1"]
[WhiteElo "1691"]
[BlackElo "1778"]

1. e4 e5 2. Nf3 d6 3. Nc3 c6 4. Bc4 b5 5. Bd3 Nh6 6. b3 Bg4 7. h3 Bh5 8. g4 Bg6
9. g5 Ng8 10. Nh4 Qxg5 11. Qg4 Be7 12. Nf5 Bxf5 13. exf5 d5 14. a4 b4 15. f6
Qxg4 16. hxg4 Bxf6 17. Ne2 e4 18. Ra2 exd3 19. cxd3 a5 20. Rc2 d4 21. Rc5 Ne7
22. g5 Nd7 23. Rc2 Bxg5 24. Nxd4 c5 25. Nf3 Bf4 26. Rc4 Ng6 27. Re4+ Nde5 28.
Bb2 f6 29. Nh4 O-O 30. Nxg6 Nxg6 31. Kd1 Rad8 32. d4 f5 33. Re2 cxd4 34. Re6 Be5
35. Re1 Rfe8 36. Rxe8+ Rxe8 0-1

[Event "Challenge"]
[Site "http://www.queenalice.com/game.php?id=235068"]
[Date "2007.7.5"]
[Round "-"]
[White "cope"]
[Black "markp"]
[Result "1-0"]
[WhiteElo "1634"]
[BlackElo "1747"]

1. d4 d5 2. Nc3 Nf6 3. Bg5 h6 4. Bxf6 exf6 5. e4 Be6 6. exd5 Bxd5 7. Nxd5 Qxd5
8. c3 Nc6 9. Qg4 f5 10. Qg3 Qe4+ 11. Qe3 O-O-O 12. Qxe4 fxe4 13. O-O-O Bd6 14.
Bc4 f5 15. Be6+ Kb8 16. Bxf5 Rde8 17. Re1 Bf4+ 18. Kc2 e3 19. fxe3 Bxe3 20. Nf3
Rhf8 21. Bd7 Re7 22. Bxc6 bxc6 23. Kd3 Rfe8 24. Ne5 Rxe5 25. dxe5 Bf4 26. e6 Bg5
27. Rhf1 Be7 28. Rf7 g5 29. Kc2 Kb7 30. Rh7 c5 31. Rxh6 Rf8 32. Rh7 Re8 33. Rd1
Bd6 34. e7 Bxe7 35. Re1 Rf8 36. Rhxe7 Rf2+ 37. R7e2 Rf6 38. b4 c4 39. Re4 Rf2+
40. R1e2 Rxe2+ 41. Rxe2 Kb6 42. Re5 g4 43. Rg5 c5 44. Rxc5 1-0